El hierro en la construcción
Guardat en:
| Autor principal: | |
|---|---|
| Format: | Llibre |
| Idioma: | espanyol |
| Publicat: |
Barcelona
CEAC
1963
|
| Edició: | 4a. ed |
| Col·lecció: | Monografías CEAC sobre Construcción y Arquitectura
|
| Matèries: | |
| Etiquetes: |
Afegir etiqueta
Sense etiquetes, Sigues el primer a etiquetar aquest registre!
|
MARC
| LEADER | 00000nam a2200000 a 4500 | ||
|---|---|---|---|
| 001 | UCU7489 | ||
| 003 | CL-VaPUC | ||
| 008 | 960705e19630000SP |||||||||||||||||spa|d | ||
| 082 | 0 | 4 | |a 691.7 |b HER |2 21 |
| 100 | |a Hernández, Mariano |e author |9 366353 | ||
| 245 | 1 | 3 | |a El hierro en la construcción |
| 250 | |a 4a. ed | ||
| 300 | |a 192 p | ||
| 942 | |c BK | ||
| 945 | |d 19960705 00:00:00 |a cmena | ||
| 260 | |a Barcelona |b CEAC |c 1963 | ||
| 650 | 0 | |a Materiales de construcción |9 260197 | |
| 650 | 7 | |a TECNOLOGIA DE LA CONSTRUCCION |2 CL-VaPUC |9 260196 | |
| 650 | 7 | |a HIERRO |2 CL-VaPUC |9 357538 | |
| 650 | 7 | |a PRODUCTOS QUIMICOS INORGANICOS |2 CL-VaPUC |9 344421 | |
| 650 | 0 | |a Aleación (Química) |9 263528 | |
| 583 | |a last modification |c 19960705 00:00:00 |k Rodrigo Vera | ||
| 490 | 0 | |a Monografías CEAC sobre Construcción y Arquitectura | |
| 999 | |c 250122 |d 250120 | ||